Top 50 films au box office mondial jusqu'en 2024 - Statistiques

Statistiques générales
  • Ce quiz a été pris 290 fois
  • Le résultat moyen est 9 sur 50
Statistiques - réponses
Réalisateur Score Film % Correct
James Cameron 2 923 706 026 $ Avatar
96%
James Cameron 2 264 750 694 $ Titanic
91%
James Cameron 2 320 250 281 $ Avatar 2
75%
Joss Whedon 1 520 538 536 $ Avengers
74%
Anthony et Joe Russo 2 799 439 100 $ Avengers : Endgame
56%
Greta Gerwig 1 445 638 421 $ Barbie
36%
J. J. Abrams 2 071 310 218 $ Star Wars 7
34%
Steven Spielberg 1 114 429 886 $ Jurassic Park
30%
Jon Watts 1 921 847 111 $ Spider-Man : No Way Home
28%
Rian Johnson 1 334 407 706 $ Star Wars 8
26%
George Lucas 1 027 082 707 $ Star Wars 1
25%
J. J. Abrams 1 077 022 372 $ Star Wars 9
25%
Joss Whedon 1 405 018 048 $ Avengers : l'ère d'Ultron
24%
Colin Trevorrow 1 671 537 444 $ Jurassic World
23%
Anthony et Joe Russo 2 052 415 039 $ Avengers : Infinity Wars
19%
James Wan 1 515 342 457 $ Fast and Furious 7
17%
Todd Phillips 1 078 958 282 $ Joker
17%
Rob Minkoff et Roger Allers 1 663 079 059 $ Le Roi Lion
17%
Jon Watts 1 131 927 996 $ Spider-Man : Far From Home
17%
Chis Columbus 1 024 465 951 $ Harry Potter à l'école des sorciers
16%
Chris Buck et Jennifer Lee 1 397 045 694 $ La Reine des Neige
16%
Anthony et Joe Russo 1 155 046 416 $ Captain America : Civil War
14%
Shane Black 1 215 577 205 $ Iron Man 3
14%
Ryan Coogler 1 349 926 083 $ Black Panther
12%
F. Gary Gray 1 236 005 118 $ Fast and Furious 8
12%
Christopher Nolan 1 114 085 030 $ The Dark Knight RIses
12%
James Wan 1 152 028 393 $ Aquaman
11%
Chris Buck et Jennifer Lee 1 453 683 476 $ La Reine des Neiges 2
10%
Tim Burton 1 025 468 216 $ Alice au pays des Merveilles
9%
Lee Unkrich 1 067 316 101 $ Toy Story 3
9%
Sam Mendes 1 142 471 295 $ Skyfall
8%
Joseph Kosinski 1 495 696 292 $ Top Gun : Maverick
7%
Josh Cooley 1 073 841 394 $ Toy Story 4
7%
Brad Bird 1 243 225 667 $ Les Indestructibles 2
6%
Kyle Balda et Pierre Coffin 1 034 800 131 $ Moi Moche et Méchant 3
6%
Aaron Horvath et Michael Jelenic 1 361 973 409 $ Super Mario
6%
Guy Ritchie 1 054 304 000 $ Aladdin
5%
Anna Boden et Ryan Fleck 1 131 416 446 $ Captain Marvel
5%
David Yates 1 356 961 410 $ Harry Potter et les reliques de la Mort 2
5%
Juan Antonio Bayona 1 310 466 296 $ Jurassic World: Fallen Kingdom
4%
Bill Condon 1 266 115 964 $ La Belle et la Bête
4%
Andrew Stanton 1 029 266 989 $ Le Monde de Dory
3%
Michael Bay 1 123 794 079 $ Transformers : La Face cachée de la Lune
3%
Pierre Coffin et Kyle Balda 1 159 444 662 $ Minions
2%
Gore Verbinski 1 066 179 747 $ Pirates des Caraïbes : Le Secret du coffre maudit
2%
Gareth Edwards 1 058 682 142 $ Rogue One : A Star Wars Story
2%
Peter Jackson 1 156 194 180 $ Seigneur des anneaux : le retour du roi
2%
Michael Bay 1 104 054 072 $ Transformers : L'Age de l'extinction
2%
Rob Marshall 1 046 721 266 $ Pirates des Caraïbes : La Fontaine de Jouvence
1%
Byron Howard et Rich Moore 1 025 521 689 $ Zootapie
0%
Aucun quiz correspondant
Distribution des résultats
% des personnes avec chaque résultat
Percentile par nombre de réponses
Votre historique - résultats
Vous n’avez pas pris ce quiz